000 00222nam a2200097Ia 4500
008 120527s9999 xx 000 0 und d
100 _aROM, Kalilu
245 _aCultism on the Nigerian campus
260 _bSOF
942 _cBK
999 _c25288
_d25288